00233nam a2200097Ia 4500001000800000005001700008008004100025020001800066245003200084260001900116127229920260417151425.0260417s9999 xx 000 0 und d a9786256910065 0aAziz SancarcBeliz Yüksel bKetebe Çocuk